SARGADEU RUDRA SINGHA (Record no. 2801)
[ view plain ]
| 000 -LEADER | |
|---|---|
| fixed length control field | 00364cam a2200157ua 4500 |
| 008 - FIXED-LENGTH DATA ELEMENTS--GENERAL INFORMATION | |
| fixed length control field | 190311n II |||gr||||Z||||||asm |
| 040 ## - CATALOGING SOURCE | |
| Original cataloging agency | MAIN |
| 041 ## - LANGUAGE CODE | |
| -- | English |
| 082 ## - DEWEY DECIMAL CLASSIFICATION NUMBER | |
| Classification number | 954.162 GOS |
| 100 ## - MAIN ENTRY--PERSONAL NAME | |
| Personal name | GOSWAMI, D. |
| 245 ## - TITLE STATEMENT | |
| Title | SARGADEU RUDRA SINGHA |
| 260 ## - PUBLICATION, DISTRIBUTION, ETC. | |
| Place of publication, distribution, etc. | GUWAHATI |
| Name of publisher, distributor, etc. | AXOM PRAKASHAN PARISHAD |
| Date of publication, distribution, etc. | 1980. |
| 300 ## - PHYSICAL DESCRIPTION | |
| Extent | 91.: |
| Dimensions | 20CM. |
| 942 ## - ADDED ENTRY ELEMENTS (KOHA) | |
| Koha item type | Books |
| Withdrawn status | Lost status | Damaged status | Not for loan | Collection code | Home library | Current library | Shelving location | Date acquired | Full call number | Barcode | Date last seen | Copy number | Price effective from | Koha item type | Public note |
|---|---|---|---|---|---|---|---|---|---|---|---|---|---|---|---|
| Withdrawn | REFASM | Central Library and Information Centre Sibsagar Girls College | Central Library and Information Centre Sibsagar Girls College | Withdraw items | 11.09.1989 | 954.162 GOS | 10974 | 27.02.2020 | 1 | 27.02.2020 | Books | V | |||
| TBHIS | Central Library and Information Centre Sibsagar Girls College | Central Library and Information Centre Sibsagar Girls College | HISTORY REFERENCE RACK | 11.09.1989 | 954.162 GOS | 10975 | 27.02.2020 | 2 | 27.02.2020 | Books | V |